stéroïdes aléatoires - Statistiques

Statistiques générales
  • Ce quiz a été pris 748 fois
  • Le résultat moyen est 10 sur 19
Statistiques - réponses
Par images Réponse % Correct
cholesterol
91%
oestradiol
78%
17-OH-progesterone
70%
progesterone
70%
17-OH-pregnenolone
65%
DOC
65%
pregnenolone
61%
aldosterone
57%
oestrone
57%
corticosterone
48%
cortisol
48%
dihydrotestostérone
48%
testosterone
48%
18-OH-corticosterone
43%
DHEA
43%
11-désoxycortisol
39%
Δ4-androstenedione
35%
cortisone
35%
androstenediol
30%
Aucun quiz correspondant
Distribution des résultats
% des personnes avec chaque résultat
Percentile par nombre de réponses
Votre historique - résultats
Vous n’avez pas pris ce quiz